000 00982cam a2200265 a 4500
001 14172136
005 20260220135753.0
008 051117s2005 enka f b 001 0 eng d
020 _a1412908434
020 _a1853963836
_qpbk.
020 _a9781412908436
020 _a9781853963834
_q(pbk.)
050 0 0 _aHF5657.4
_b.C648 2005
082 0 4 _a658.1'511
_222
100 1 _aCoombs, Hugh M.
_q(Hugh Malcolm)
245 1 0 _aManagement accounting :
_bprinciples and applications /
_cHugh Coombs, David Hobbs, Ellis Jenkins.
260 _aLondon ;
_aThousand Oaks :
_bSAGE Publications,
_c2005.
300 _axi, 347 p. :
_bill. ;
_c24 cm.
650 0 _aManagerial accounting.
700 1 _aHobbs, David,
_d1955-
700 1 _aJenkins, D. E.
_q(David Ellis)
856 4 2 _3Publisher description
_uhttp://www.loc.gov/catdir/enhancements/fy0657/2005901200-d.html
856 4 1 _3Table of contents only
_uhttp://www.loc.gov/catdir/enhancements/fy0657/2005901200-t.html
942 _2lcc
_cBK
_n0
999 _c8798
_d8798